OpenGL programming guide :the official guide to learning OpenGL, version 4.3 / (Record no. 2303)

000 -LEADER
fixed length control field 01224cam a2200349 i 4500
001 - CONTROL NUMBER
control field 17618823
003 - CONTROL NUMBER IDENTIFIER
control field OSt
005 - DATE AND TIME OF LATEST TRANSACTION
control field 20160706160029.0
008 - FIXED-LENGTH DATA ELEMENTS--GENERAL INFORMATION
fixed length control field 130208t20132013njua 001 0 eng
010 ## - LIBRARY OF CONGRESS CONTROL NUMBER
LC control number 2012043324
020 ## - INTERNATIONAL STANDARD BOOK NUMBER
International Standard Book Number 9780321773036 (pbk. : alk. paper)
020 ## - INTERNATIONAL STANDARD BOOK NUMBER
International Standard Book Number 0321773039 (pbk. : alk. paper)
040 ## - CATALOGING SOURCE
Original cataloging agency DLC
Language of cataloging eng
Transcribing agency DLC
Description conventions rda
Modifying agency DLC
042 ## - AUTHENTICATION CODE
Authentication code pcc
050 00 - LIBRARY OF CONGRESS CALL NUMBER
Classification number T385.O635 2013
082 00 - DEWEY DECIMAL CLASSIFICATION NUMBER
Classification number 006.6/63
Edition number 23
245 00 - TITLE STATEMENT
Title OpenGL programming guide :the official guide to learning OpenGL, version 4.3 /
Statement of responsibility, etc Dave Shreiner, Graham Sellers, John Kessenich, Bill Licea-Kane ; the Khronos OpenGL ARB Working Group.
250 ## - EDITION STATEMENT
Edition statement Eighth edition.
260 ## - PUBLICATION, DISTRIBUTION, ETC. (IMPRINT)
Place of publication, distribution, etc New Jersey
Name of publisher, distributor, etc Addison-Wessley
Date of publication, distribution, etc 2013
300 ## - PHYSICAL DESCRIPTION
Extent xlvi, 935 pages :
Other physical details illustrations ;
Dimensions 24 cm
500 ## - GENERAL NOTE
General note Includes index.
650 #0 - SUBJECT ADDED ENTRY--TOPICAL TERM
Topical term or geographic name as entry element Computer graphics.
650 #0 - SUBJECT ADDED ENTRY--TOPICAL TERM
Topical term or geographic name as entry element OpenGL.
700 1# - ADDED ENTRY--PERSONAL NAME
Personal name Shreiner, Dave.
700 1# - ADDED ENTRY--PERSONAL NAME
Personal name Sellers, Graham.
700 1# - ADDED ENTRY--PERSONAL NAME
Personal name Kessenich, John M.
700 1# - ADDED ENTRY--PERSONAL NAME
Personal name Licea-Kane, Bill.
710 2# - ADDED ENTRY--CORPORATE NAME
Corporate name or jurisdiction name as entry element Khronos OpenGL ARB Working Group.
906 ## - LOCAL DATA ELEMENT F, LDF (RLIN)
a 7
b cbc
c orignew
d 1
e ecip
f 20
g y-gencatlg
942 ## - ADDED ENTRY ELEMENTS (KOHA)
Source of classification or shelving scheme
Koha item type Book
Holdings
Withdrawn status Lost status Source of classification or shelving scheme Damaged status Not for loan Home library Current library Shelving location Date acquired Total Checkouts Full call number Barcode Date last seen Copy number Price effective from Koha item type
          Riara University Library Riara University Library General stack 06/07/2016   T385.O635 2013 7511/16 06/07/2016 C.1 06/07/2016 Book
          Riara University Library Riara University Library General stack 06/07/2016   T385.O635 2013 7533/16 06/07/2016 C.2 06/07/2016 Book

Riara University Library,
P.O. Box 49940-00100,
Nairobi, Kenya.